Speedway World Cup Hosts - Statistics

General Stats
  • This quiz has been taken 21 times
  • The average score is 14 of 35
Answer Stats
Hint Answer % Correct
Czech Republic Prague
82%
Denmark Vojens
76%
Great Britain Belle Vue
71%
Poland Leszno
71%
Poland Gorzów
65%
Poland Wrocław
65%
Latvia Daugavpils
59%
Germany Landshut
59%
Sweden Målilla
59%
Latvia Riga
59%
Poland Bydgoszcz
47%
Great Britain Coventry
47%
Poland Częstochowa
47%
Great Britain King's Lynn
47%
Great Britain Sheffield
47%
Italy Terenzano
47%
Italy Lonigo
41%
Great Britain Peterborough
35%
Great Britain Poole
35%
Germany Abensberg
29%
Sweden Eskilstuna
29%
Poland Gdańsk
29%
Hungary Debrecen
24%
Poland Gniezno
24%
Slovenia Ljubljana
24%
Great Britain Reading
24%
Poland Rybnik
24%
Sweden Vastervik
24%
Denmark Holsted
18%
Hungary Miskolc
18%
Great Britain Eastbourne
12%
Hungary Gyula
12%
Denmark Outrup
12%
Great Britain Swindon
12%
Germany Herxheim
6%
No matching quizzes found
Score Distribution
Percent of People with Each Score
Percentile by Number Answered
Your Score History
You have not taken this quiz